| 000 | 00000nas 2200000zi 4500 |
| 001 | 9.868269 |
| 003 | CaOODSP |
| 005 | 20221107162534 |
| 006 | m o d f |
| 007 | cr ||||||||||| |
| 008 | 190212c20199999xxc x m|o f0###|0eng|d |
| 040 | |aCaOODSP|beng|erda|cCaOODSP |
| 043 | |an-cn--- |
| 086 | 1 |aTU3-13E-PDF |
| 130 | 0 |aPipeline transportation safety investigation report. |
| 245 | 10|aPipeline transportation safety investigation report |
| 264 | 1|6[Gatineau, Quebec] : |bTransportation Safety Board of Canada, |c2019- |
| 310 | |aIrregular |
| 336 | |atext|2rdacontent |
| 337 | |acomputer|2rdamedia |
| 338 | |aonline resource|2rdacarrier |
| 500 | |aIssued also in French under title: Rapport d’enquête sur la sécurité du transport pipelinier. |
| 650 | 0|aNatural gas pipelines|xAccidents|zCanada. |
| 650 | 0|aPetroleum piplelines|xAccidents|zCanada. |
| 650 | 0|aAccident investigation|zCanada. |
| 655 | 7|aSerial publications|2lcgft |
| 710 | 2 |aTransportation Safety Board of Canada. |
| 775 | 08|tRapport d’enquête sur la sécurité du transport pipelinier |w(CaOODSP)9.868271 |